|
|
|
|
| LEADER |
00733cam a2200229 7i4500 |
| 001 |
0000036819 |
| 005 |
20220127090000.0 |
| 007 |
ta |
| 008 |
220126 |
| 020 |
|
|
|a 9789264579316
|
| 040 |
|
|
|a MATR
|
| 090 |
0 |
0 |
|a I 338.642
|b OEC
|
| 110 |
2 |
|
|a Organisation for Economic Co-operation and Development (OECD)
|
| 245 |
1 |
0 |
|a OECD SME and Entrepreneurship Outlook 2021.
|
| 264 |
|
1 |
|a Paris:
|b Organisation for Economic Co-operation and Development (OECD),
|c 2021.
|
| 300 |
|
|
|a 290 pages:
|b illustrations;
|c 28 cm.
|
| 336 |
|
|
|a text
|2 rdacontent
|
| 337 |
|
|
|a unmediated
|2 rdamedia
|
| 338 |
|
|
|a volume
|2 rdacarrier
|
| 650 |
|
0 |
|a Entrepreneurship
|
| 650 |
|
0 |
|a Small business
|
| 999 |
|
|
|a 0000041594
|b Book
|c International
|e Business Information Centre
|